[Event "64.Camp. Veneto Quarti di Finale"]
[Site "Arquà Petrarca ITA"]
[Date "2004.05.15"]
[Round "4.10"]
[White "Bdair, Bilal"]
[Black "Danese, Aldo"]
[Result "1-0"]
[WhiteElo "1999"]
[BlackElo "1760"]
[Annotator "Gabriele Ballarin"]
[PlyCount "83"]
[EventDate "2004.05.08"]
[EventType "swiss"]
[EventRounds "6"]
[EventCountry "ITA"]

1. d4 b6 2. c4 Bb7 3. Nc3 e6 4. e4 Bb4 5. Bd3 Ne7 6. f3 O-O 7. Nge2 f5 8. O-O Bxc3 9. Nxc3 a6 10. Ne2 Qe8 11. e5 Nbc6 12. Re1 Nd8 13. Bc2 Nf7 14. Nc3 Ng6 15. Be3 Qe7 16. Bf2 Rad8 17. Qd2 Ng5 18. d5 Nf7 19. f4 Qb4 20. Bb3 Rfe8 21. Bg3 Nh6 22. h3 a5 23. Rad1 c6 24. Qc2 Qe7 25. Qf2 Qb4 26. dxe6 dxe6 27. Bh4 Rb8 28. Rd7 b5 29. cxb5 cxb5 30. Rd6 Nxf4 31. Rd4 Nxh3+ 32. gxh3 Qc5 33. Rd6 Qc8 34. Bxe6+ Rxe6 35. Rd8+ Qxd8 36. Bxd8 Rxd8 37. Rd1 Rde8 38. Nd5 Rg6+ 39. Kf1 Rxe5 40. Nf4 Rf6 41. Qa7 Be4 42. Qb8+ 1-0

[Event "64.Camp. Veneto Quarti di Finale"]
[Site "Arquà Petrarca ITA"]
[Date "2004.05.15"]
[Round "4.11"]
[White "Nagliati, Paolo"]
[Black "Roberti, Ignazio"]
[Result "0-1"]
[WhiteElo "1829"]
[BlackElo "1992"]
[Annotator "Gabriele Ballarin"]
[PlyCount "92"]
[EventDate "2004.05.08"]
[EventType "swiss"]
[EventRounds "6"]
[EventCountry "ITA"]

1. e4 c5 2. b3 Nc6 3. Bb2 d6 4. Bb5 e6 5. Nf3 Nf6 6. Qe2 Bd7 7. Bxc6 Bxc6 8. d3 Be7 9. Nbd2 O-O 10. O-O Rc8 11. e5 Nd5 12. Ne4 Nf4 13. Qe3 Ng6 14. Nxd6 Bxd6 15. exd6 Qxd6 16. Nd2 Qd5 17. f3 Nh4 18. Qe5 f6 19. Qxd5 exd5 20. Rfe1 Rfe8 21. Kf2 b5 22. Rxe8+ Rxe8 23. Nf1 d4 24. Ba3 b4 25. Bb2 Nf5 26. Bc1 Ne7 27. a3 Nd5 28. Bd2 Re7 29. axb4 cxb4 30. Ra5 Nc3 31. Ng3 Kf7 32. Rc5 Ba8 33. Rc4 Nd1+ 34. Kf1 Ne3+ 35. Bxe3 dxe3 36. Rxb4 g6 37. Ke2 f5 38. Nf1 g5 39. c4 f4 40. d4 g4 41. Rb5 gxf3+ 42. gxf3 Bxf3+ 43. Ke1 Kf6 44. Ra5 Rg7 45. Ra1 Kf5 46. b4 Rg2 0-1

[Event "64.Camp. Veneto Quarti di Finale"]
[Site "Arquà Petrarca ITA"]
[Date "2004.05.15"]
[Round "4.12"]
[White "Calicchia, Giovanni"]
[Black "Lorusso, Giuseppe"]
[Result "0-1"]
[WhiteElo "1760"]
[BlackElo "1987"]
[Annotator "Gabriele Ballarin"]
[PlyCount "87"]
[EventDate "2004.05.08"]
[EventType "swiss"]
[EventRounds "6"]
[EventCountry "ITA"]

1. e4 c5 2. Nf3 Nc6 3. d4 cxd4 4. Nxd4 Nf6 5. Nc3 d6 6. Be2 e5 7. Nf3 h6 8. O-O Be7 9. h3 Be6 10. Re1 O-O 11. Bf1 a6 12. a3 Rc8 13. Nd5 Ne8 14. Be3 f5 15. Bb6 Qd7 16. exf5 Rxf5 17. Bd3 Rf8 18. Be3 Bd8 19. Bh7+ Kxh7 20. Nb6 Bxb6 21. Bxb6 Ne7 22. Nh4 g5 23. Qd3+ Kg7 24. Qg3 Rf4 25. Nf3 Nf5 26. Qh2 Rxc2 27. Rad1 Qc6 28. Be3 Nxe3 29. Rxe3 Rc1 30. Rde1 Rxe1+ 31. Rxe1 Bd5 32. Qg3 Bxf3 33. gxf3 Qxf3 34. Qxf3 Rxf3 35. Rd1 Rf6 36. Rc1 Rf7 37. Rd1 Rd7 38. Kg2 Kf6 39. Kg3 h5 40. Rc1 d5 41. f3 d4 42. h4 gxh4+ 43. Kxh4 Kf5 44. Rc5 0-1

[Event "64.Camp. Veneto Quarti di Finale"]
[Site "Arquà Petrarca ITA"]
[Date "2004.05.15"]
[Round "4.13"]
[White "Faccia, Sergio"]
[Black "D'Elia, Alessandro"]
[Result "1-0"]
[WhiteElo "1980"]
[BlackElo "1688"]
[Annotator "Gabriele Ballarin"]
[PlyCount "70"]
[EventDate "2004.05.08"]
[EventType "swiss"]
[EventRounds "6"]
[EventCountry "ITA"]

1. e4 g6 2. d4 Bg7 3. Be3 c6 4. Nc3 d5 5. f3 e6 6. Qd2 b6 7. Rd1 Ba6 8. Bxa6 Nxa6 9. Nge2 Ne7 10. Bh6 Bxh6 11. Qxh6 Ng8 12. Qd2 Nf6 13. e5 Nd7 14. Qh6 Qe7 15. a4 Qf8 16. Qd2 Qb4 17. Qd3 Nc7 18. b3 c5 19. f4 Rc8 20. O-O c4 21. bxc4 Qxc4 22. Qxc4 dxc4 23. d5 Nxd5 24. Nxd5 exd5 25. Rxd5 Nc5 26. Nc3 O-O 27. Nb5 Nxa4 28. Nxa7 Ra8 29. Nb5 Rfd8 30. Rfd1 Rxd5 31. Rxd5 Rc8 32. Rd6 Kf8 33. Rd7 Nc5 34. Ra7 Ne6 35. Nd6 Nc7 1-0

[Event "64.Camp. Veneto Quarti di Finale"]
[Site "Arquà Petrarca ITA"]
[Date "2004.05.15"]
[Round "4.14"]
[White "Belloni, Umberto"]
[Black "Pomaro, Alberto"]
[Result "1-0"]
[WhiteElo "1968"]
[BlackElo "1670"]
[Annotator "Gabriele Ballarin"]
[PlyCount "31"]
[EventDate "2004.05.08"]
[EventType "swiss"]
[EventRounds "6"]
[EventCountry "ITA"]

1. e4 e6 2. d4 d5 3. exd5 exd5 4. Bd3 Nf6 5. Nf3 Bd6 6. Bg5 O-O 7. O-O Be6 8. Nbd2 h6 9. Bh4 Nc6 10. c3 Na5 11. Ne5 Be7 12. f4 Ne8 13. Bg3 f5 14. b4 Nc6 15. Qe2 Nd6 16. Nxc6 1-0

[Event "64.Camp. Veneto Quarti di Finale"]
[Site "Arquà Petrarca ITA"]
[Date "2004.05.15"]
[Round "4.15"]
[White "Bettera, Roberto"]
[Black "Battiston, Gianfranco"]
[Result "0-1"]
[WhiteElo "1919"]
[BlackElo "1628"]
[Annotator "Roberto Bettera"]
[PlyCount "60"]
[EventDate "2004.05.08"]
[EventType "swiss"]
[EventRounds "6"]
[EventCountry "ITA"]

1. d4 d5 2. Nf3 Nf6 3. e3 e6 4. Bd3 c5 5. c3 c4 6. Bc2 Bd6 7. Nbd2 Qc7 8. Qe2 O-O 9. e4 dxe4 10. Nxe4 Nxe4 11. Qxe4 f5 12. Qe2 Bd7 13. Bd2 b5 14. O-O Nc6 15. Rfe1 Rae8 16. Ne5 Bxe5 17. dxe5 Ne7 18. a4 a6 19. Ra2 Ng6 20. g3 Qb7 21. axb5 Bxb5 22. h4 Rd8 23. Bg5 Rd5 24. f4 Qd7 25. Rd1 Rxd1+ 26. Bxd1 h6 27. h5 Nxe5 28. Bh4 Ng4 29. Ra1 Qd5 30. Rb1 Bc6 0-1

[Event "64.Camp. Veneto Quarti di Finale"]
[Site "Arquà Petrarca ITA"]
[Date "2004.05.15"]
[Round "4.16"]
[White "Negro, Raffaele"]
[Black "Rossi, Damiano"]
[Result "0-1"]
[WhiteElo "1751"]
[BlackElo "2002"]
[Annotator "Gabriele Ballarin"]
[PlyCount "38"]
[EventDate "2004.05.08"]
[EventType "swiss"]
[EventRounds "6"]
[EventCountry "ITA"]

1. d4 d5 2. Nf3 Nf6 3. e3 c6 4. Nbd2 Bf5 5. c4 Nbd7 6. Qb3 Qc7 7. Bd3 Bxd3 8. Qxd3 e5 9. dxe5 Nxe5 10. Nxe5 Qxe5 11. Nf3 Qc7 12. O-O O-O-O 13. Bd2 Ne4 14. cxd5 Nxd2 15. Qxd2 Rxd5 16. Qxd5 cxd5 17. Rac1 Bc5 18. b4 b6 19. bxc5 bxc5 0-1

[Event "64.Camp. Veneto Quarti di Finale"]
[Site "Arquà Petrarca ITA"]
[Date "2004.05.15"]
[Round "4.17"]
[White "Rossi, Gianni"]
[Black "Xia, Jie"]
[Result "0-1"]
[WhiteElo "1915"]
[BlackElo "1985"]
[Annotator "Gabriele Ballarin"]
[PlyCount "38"]
[EventDate "2004.05.08"]
[EventType "swiss"]
[EventRounds "6"]
[EventCountry "ITA"]

1. d4 Nf6 2. f3 g6 3. e4 d6 4. Nc3 Bg7 5. Be3 O-O 6. Qd2 Nbd7 7. O-O-O c6 8. h4 h5 9. Bh6 b5 10. Bxg7 Kxg7 11. Nh3 a5 12. e5 Ne8 13. g4 Rh8 14. gxh5 Rxh5 15. Nf4 Rh8 16. h5 Nb6 17. Bd3 dxe5 18. dxe5 Nc4 19. Bf1 Qxd2+ 0-1

[Event "64.Camp. Veneto Quarti di Finale"]
[Site "Arquà Petrarca ITA"]
[Date "2004.05.15"]
[Round "4.18"]
[White "Abazi, Rhui"]
[Black "Gennari, Leone"]
[Result "0-1"]
[WhiteElo "1700"]
[BlackElo "2068"]
[Annotator "Gabriele Ballarin"]
[PlyCount "49"]
[EventDate "2004.05.08"]
[EventType "swiss"]
[EventRounds "6"]
[EventCountry "ITA"]

1. e4 e6 2. d4 d5 3. e5 c5 4. c3 Nc6 5. Nf3 f6 6. exf6 Nxf6 7. Bd3 Bd6 8. O-O O-O 9. dxc5 Bxc5 10. Qc2 e5 11. Nfd2 e4 12. Be2 Ne5 13. Nb3 Bb6 14. Bf4 Qe7 15. Nd4 Nfg4 16. Bg3 h5 17. Qd1 h4 18. Bxe5 Nxe5 19. Kh1 Qg5 20. Qd2 Qxd2 21. Nxd2 Rb8 22. a4 Rf6 23. f3 e3 24. N2b3 a5 25. Rfe1 {Nur} 0-1

[Event "64.Camp. Veneto Quarti di Finale"]
[Site "Arquà Petrarca ITA"]
[Date "2004.05.15"]
[Round "4.19"]
[White "Cardili, Mariano"]
[Black "Chiesa, Roberto"]
[Result "1-0"]
[WhiteElo "1971"]
[BlackElo "1700"]
[Annotator "Gabriele Ballarin"]
[PlyCount "67"]
[EventDate "2004.05.08"]
[EventType "swiss"]
[EventRounds "6"]
[EventCountry "ITA"]

1. d4 d5 2. c4 c6 3. Nf3 Nf6 4. Nc3 dxc4 5. a4 Bf5 6. e3 e6 7. Bxc4 Bb4 8. O-O O-O 9. Qe2 Nbd7 10. e4 Bg4 11. Bd3 e5 12. Be3 Re8 13. h3 Bxf3 14. Qxf3 exd4 15. Bxd4 Ne5 16. Bxe5 Rxe5 17. Ne2 Qc7 18. Ng3 Rae8 19. Qe2 Bc5 20. Kh1 Rg5 21. Qd2 h6 22. Qc2 Bxf2 23. Nf5 Rxf5 24. exf5 Bg3 25. Rf3 h5 26. Bc4 h4 27. Rd1 Ne4 28. f6 g5 29. Rdf1 Bf4 30. Rd1 Bg3 31. Qd3 Kh8 32. Ba2 Nf2+ 33. Rxf2 Bxf2 34. Bb1 1-0

[Event "64.Camp. Veneto Quarti di Finale"]
[Site "Arquà Petrarca ITA"]
[Date "2004.05.15"]
[Round "4.20"]
[White "Zarpellon, Daniel"]
[Black "Tescaro, Stefano"]
[Result "1/2-1/2"]
[WhiteElo "1940"]
[BlackElo "1700"]
[Annotator "Gabriele Ballarin"]
[PlyCount "87"]
[EventDate "2004.05.08"]
[EventType "swiss"]
[EventRounds "6"]
[EventCountry "ITA"]

1. Nf3 g6 2. d4 Bg7 3. c4 d6 4. Nc3 Nd7 5. e4 e5 6. d5 Ngf6 7. Bd3 O-O 8. h3 Nh5 9. Bg5 f6 10. Be3 Nf4 11. Bxf4 exf4 12. Ne2 Re8 13. O-O Nc5 14. Nxf4 Bh6 15. Ne2 Nxe4 16. b4 f5 17. Qc2 Bg7 18. Rae1 a5 19. a3 Bd7 20. Ned4 axb4 21. Bxe4 fxe4 22. Rxe4 bxa3 23. Rxe8+ Bxe8 24. Ra1 c5 25. Ne6 Qf6 26. Ra2 Ba4 27. Qc1 Bb3 28. Rxa3 Rxa3 29. Qxa3 Qa1+ 30. Qxa1 Bxa1 31. Nd2 Ba2 32. Nd8 b5 33. cxb5 Bf6 34. Nb7 Be7 35. Ne4 c4 36. Nc3 Bb3 37. Na5 Bd8 38. Nxb3 cxb3 39. Na4 Kf7 40. Kf1 Kf6 41. Ke2 Ke5 42. Nc3 Kd4 43. Nd1 Ba5 44. h4 1/2-1/2

[Event "64.Camp. Veneto Quarti di Finale"]
[Site "Arquà Petrarca ITA"]
[Date "2004.05.15"]
[Round "4.21"]
[White "Navarro, Tommaso"]
[Black "Ferrari, Mario"]
[Result "0-1"]
[WhiteElo "1685"]
[BlackElo "1759"]
[Annotator "Gabriele Ballarin"]
[PlyCount "136"]
[EventDate "2004.05.08"]
[EventType "swiss"]
[EventRounds "6"]
[EventCountry "ITA"]

1. e4 e6 2. d4 d5 3. exd5 exd5 4. Nf3 Bg4 5. Be2 Bd6 6. Nc3 c6 7. Be3 Nf6 8. Qd2 Nbd7 9. O-O-O Bb4 10. Qd3 Qa5 11. a3 Bd6 12. Nh4 Bxe2 13. Qxe2 O-O 14. Qd2 Rfc8 15. Nf5 Bf8 16. f3 b5 17. Nb1 b4 18. axb4 Bxb4 19. c3 Bf8 20. g4 Nb6 21. Bf4 Nc4 22. Qd3 Rab8 23. Bxb8 Rxb8 24. Rd2 Nxd2 25. Qxd2 Qb6 26. h4 a5 27. Qc2 Re8 28. h5 Qb5 29. g5 Re2 30. Nd2 Nd7 31. Rg1 Nb6 32. Ng3 Rf2 33. g6 fxg6 34. hxg6 Nc4 35. Ngf1 h6 36. Qb1 a4 37. Nxc4 Qxc4 38. Nd2 Qe2 39. Rd1 Qb5 40. Qf5 Qb8 41. Qe6+ Kh8 42. Qxc6 a3 43. b4 a2 44. Qa4 Qc7 45. Kc2 Qf4 46. Qxa2 Qf5+ 47. Kc1 Qxg6 48. Qxd5 Qa6 49. Kc2 Qc8 50. Rf1 Rg2 51. b5 Bb4 52. Qb3 Qf5+ 53. Kc1 Qd3 54. Qc2 Ba3+ 55. Kb1 Qxb5+ 56. Qb3 Qd3+ 57. Qc2 Qa6 58. Re1 Qb5+ 59. Ka1 Bf8 60. Qb3 Qd3 61. Ne4 Rg6 62. Nc5 Qd2 63. Rd1 Qe2 64. f4 Bxc5 65. dxc5 Ra6+ 66. Kb1 Qe4+ 67. Qc2 Qb7+ (67... Ra1+ $1 68. Kb2 Ra2+ 69. Kxa2 Qxc2+) 68. Kc1 Ra1+ 0-1

[Event "64.Camp. Veneto Quarti di Finale"]
[Site "Arquà Petrarca ITA"]
[Date "2004.05.15"]
[Round "4.22"]
[White "Valentini, Paola"]
[Black "Bettella, Michele"]
[Result "1-0"]
[WhiteElo "1808"]
[BlackElo "1682"]
[Annotator "Gabriele Ballarin"]
[PlyCount "79"]
[EventDate "2004.05.08"]
[EventType "swiss"]
[EventRounds "6"]
[EventCountry "ITA"]

1. c4 e5 2. Nc3 d6 3. g3 f5 4. Bg2 Nf6 5. d3 Be7 6. Nf3 O-O 7. O-O Nc6 8. a3 a5 9. Rb1 Bd7 10. b4 axb4 11. axb4 Rb8 12. Be3 b6 13. Bg5 Ne8 14. Qd2 Bxg5 15. Nxg5 Ne7 16. b5 Rf6 17. Nd5 Rh6 18. Nxe7+ Qxe7 19. Bd5+ Kf8 20. Ra1 Nf6 21. Bg2 Qe8 22. Ra7 Qh5 23. h4 f4 24. Bf3 Bg4 25. Ne6+ Kg8 26. Rxc7 Rg6 27. Nxf4 exf4 28. Qxf4 Rf8 29. Ra1 h6 30. Ra8 Rxa8 31. Bxa8 Bxe2 32. Rc8+ Kh7 33. Qxd6 Qxh4 34. Qb8 Rg5 35. Be4+ Nxe4 36. Rh8+ Kg6 37. Qe8+ Kf5 38. dxe4+ Qxe4 39. Rf8+ Kg4 40. Qxe4+ 1-0

[Event "64.Camp. Veneto Quarti di Finale"]
[Site "Arquà Petrarca ITA"]
[Date "2004.05.15"]
[Round "4.23"]
[White "Boscolo, Michele"]
[Black "Drezzadore, Dario"]
[Result "0-1"]
[WhiteElo "1759"]
[BlackElo "1667"]
[Annotator "Gabriele Ballarin"]
[PlyCount "102"]
[EventDate "2004.05.08"]
[EventType "swiss"]
[EventRounds "6"]
[EventCountry "ITA"]

1. d4 Nf6 2. c4 g6 3. Nc3 Bg7 4. e4 d6 5. Bg5 O-O 6. Be2 Nc6 7. Nf3 h6 8. Be3 e5 9. d5 Ne7 10. O-O Ne8 11. Nd2 g5 12. Rc1 f5 13. exf5 Nxf5 14. Bd3 Nf6 15. Qc2 Nh5 16. Nde4 Nf4 17. Ne2 Nh4 18. Bxf4 gxf4 19. f3 Nf5 20. Rf2 Ne3 21. Qd2 h5 22. N2c3 h4 23. h3 Kh8 24. Nd1 Bh6 25. Re2 Rg8 26. Kh1 Nf5 27. Ndf2 Nd4 28. Ree1 Qf8 29. Ng4 Bxg4 30. hxg4 Qe7 31. Nf2 Raf8 32. Bb1 Qf6 33. Be4 b6 34. Kh2 Bg5 35. Rh1 Kg7 36. Kg1 Kf7 37. Rh2 Qe7 38. Nh3 Bf6 39. Kf2 Ke8 40. Qb4 Qd7 41. Ke1 Rxg4 42. Kf2 Rg3 43. Qd2 Rfg8 44. Rg1 Qg7 45. Qd1 Qd7 46. Re1 Kd8 47. Rg1 b5 48. b3 Ke7 49. Qc1 bxc4 50. Qxc4 Rc8 51. Rc1 Qb5 0-1

[Event "64.Camp. Veneto Quarti di Finale"]
[Site "Arquà Petrarca ITA"]
[Date "2004.05.15"]
[Round "4.24"]
[White "Barbetta, Cosimo"]
[Black "Ballarin, Gabriele"]
[Result "0-1"]
[WhiteElo "1625"]
[BlackElo "1754"]
[Annotator "Gabriele Ballarin"]
[PlyCount "66"]
[EventDate "2004.05.08"]
[EventType "swiss"]
[EventRounds "6"]
[EventCountry "ITA"]

1. e4 c5 2. Nf3 e6 3. c4 d5 4. cxd5 exd5 5. e5 Nc6 6. Bb5 Qb6 7. Bxc6+ Qxc6 8. O-O d4 9. d3 Bg4 10. Nbd2 Ne7 11. h3 Bf5 12. Nc4 Nc8 13. b3 b5 14. Nb2 a5 15. a4 Nb6 16. axb5 Qxb5 17. Nc4 Nxc4 18. bxc4 Qc6 19. Qa4 Qxa4 20. Rxa4 Bxd3 21. Re1 Bc2 22. Ra3 a4 23. Nd2 Be7 24. f4 g5 25. f5 Bxf5 26. Ne4 Bxe4 27. Rxe4 Kd7 28. Kf2 Rhb8 29. Kg3 h5 30. Rf3 Rb3 31. e6+ fxe6 32. Rxb3 axb3 33. Re5 Bd6 0-1

[Event "64.Camp. Veneto Quarti di Finale"]
[Site "Arquà Petrarca ITA"]
[Date "2004.05.15"]
[Round "4.25"]
[White "Crivellaro, Luca"]
[Black "Baldi, Giancarlo"]
[Result "0-1"]
[WhiteElo "1625"]
[BlackElo "1721"]
[Annotator "Gabriele Ballarin"]
[PlyCount "128"]
[EventDate "2004.05.08"]
[EventType "swiss"]
[EventRounds "6"]
[EventCountry "ITA"]

1. e4 e5 2. Nf3 Nc6 3. Nc3 Nf6 4. d4 exd4 5. Nxd4 Bb4 6. f3 Qe7 7. Nf5 Qe5 8. Nxg7+ Kd8 9. Bd2 Nxe4 10. Nxe4 Qxg7 11. c3 Ba5 12. Bg5+ Ne7 13. Bf6 Qf8 14. Bxh8 Qxh8 15. Qd3 d5 16. O-O-O c6 17. g3 Kc7 18. Nf2 h5 19. Qd4 Qh6+ 20. Qf4+ Qxf4+ 21. gxf4 Bf5 22. Bd3 Be6 23. h4 Kd7 24. c4 Bc7 25. cxd5 Bxf4+ 26. Kb1 Nxd5 27. Be4 Kc7 28. Nh3 Be5 29. Ng5 Nf4 30. Nxe6+ Nxe6 31. Bf5 Nd4 32. Bh3 Rd8 33. Rd3 b5 34. b4 Bf6 35. Bg2 Ne2 36. Rxd8 Bxd8 37. Re1 Nf4 38. Bf1 Bxh4 39. Re5 f6 40. Re7+ Kb6 41. Kc2 Bg5 42. Bd3 h4 43. Bf5 Nd5 44. Re4 Ne3+ 45. Rxe3 Bxe3 46. Kd3 Bf4 47. Ke4 Bd2 48. a3 Bc1 49. Bg4 Bxa3 50. Kf5 Bxb4 51. Kxf6 c5 52. Ke5 a5 53. Ke4 a4 54. Kd3 a3 55. Kc2 c4 56. f4 Bd6 57. f5 b4 58. f6 Kc5 59. f7 Kd4 60. Bh3 b3+ 61. Kb1 a2+ 62. Kb2 Ba3+ 63. Ka1 Kc3 64. Bg2 Bb2# 0-1

[Event "64.Camp. Veneto Quarti di Finale"]
[Site "Arquà Petrarca ITA"]
[Date "2004.05.15"]
[Round "4.26"]
[White "Palumbo, Giuseppe"]
[Black "Morganti, Lionello"]
[Result "1-0"]
[WhiteElo "1610"]
[BlackElo "1739"]
[Annotator "Gabriele Ballarin"]
[PlyCount "49"]
[EventDate "2004.05.08"]
[EventType "swiss"]
[EventRounds "6"]
[EventCountry "ITA"]

1. e4 d6 2. d4 Nf6 3. Nc3 g6 4. f4 Bg7 5. Nf3 O-O 6. Bd3 c5 7. d5 a6 8. a4 a5 9. Bd2 Na6 10. O-O Nb4 11. Bc4 Bg4 12. h3 Bd7 13. Re1 e6 14. dxe6 Bxe6 15. Bxe6 fxe6 16. Nb5 Nc6 17. Bc3 d5 18. exd5 exd5 19. Ng5 Re8 20. Rxe8+ Qxe8 21. Bxf6 Bxf6 22. Qxd5+ Kg7 23. Ne6+ Kh6 24. g4 Bd4+ 25. Nbxd4 1-0

[Event "64.Camp. Veneto Quarti di Finale"]
[Site "Arquà Petrarca ITA"]
[Date "2004.05.15"]
[Round "4.27"]
[White "Scarangella, Luca"]
[Black "Quaranta, Gaetano"]
[Result "0-1"]
[WhiteElo "1440"]
[BlackElo "1718"]
[Annotator "Gabriele Ballarin"]
[PlyCount "94"]
[EventDate "2004.05.08"]
[EventType "swiss"]
[EventRounds "6"]
[EventCountry "ITA"]

1. d4 Nf6 2. Nc3 d5 3. Nf3 e6 4. e3 Bb4 5. Bd2 O-O 6. Be2 Nbd7 7. O-O c6 8. Rc1 Bxc3 9. Bxc3 Ne4 10. Bb4 c5 11. dxc5 Nexc5 12. c4 dxc4 13. Rxc4 b6 14. Rd4 Qc7 15. Qc1 Bb7 16. Rfd1 Nf6 17. Nh4 Rac8 18. Bf3 Rfe8 19. Bxc5 bxc5 20. R4d2 Ba6 21. Be2 Bb7 22. Bf3 Bxf3 23. Nxf3 Qa5 24. a3 Nd5 25. e4 Nf6 26. Qc2 h6 27. Ne5 c4 28. Nxc4 Qh5 29. f3 Qc5+ 30. Kf1 Qxc4+ 31. Qxc4 Rxc4 32. Ke2 Rec8 33. Kd3 Rc1 34. Rxc1 Rxc1 35. b4 Ra1 36. Kc4 Rxa3 37. Rb2 Kf8 38. b5 Ke7 39. Kb4 Ra1 40. Rc2 Nd7 41. Rc7 Kd6 42. Rc6+ Ke7 43. Rc7 Kd8 44. Rc6 Nb6 45. Rc2 Ra4+ 46. Kc5 Kc7 47. h4 Nd7# 0-1

[Event "64.Camp. Veneto Quarti di Finale"]
[Site "Arquà Petrarca ITA"]
[Date "2004.05.15"]
[Round "4.28"]
[White "Zangrando, Gianpietro"]
[Black "Biagioli, Valerio"]
[Result "1-0"]
[WhiteElo "1768"]
[BlackElo "1625"]
[Annotator "Gabriele Ballarin"]
[PlyCount "83"]
[EventDate "2004.05.08"]
[EventType "swiss"]
[EventRounds "6"]
[EventCountry "ITA"]

1. c4 Nf6 2. Nf3 g6 3. Nc3 Bg7 4. e4 d6 5. d4 O-O 6. Be2 Nbd7 7. O-O c5 8. d5 Nb6 9. Ne1 Ne8 10. f4 f5 11. e5 dxe5 12. fxe5 Bxe5 13. Nf3 Bd6 14. Be3 Nd7 15. Qd2 Nef6 16. Ng5 Ne5 17. b3 b6 18. Rad1 h6 19. Nf3 Nxf3+ 20. Bxf3 g5 21. Qd3 Qe8 22. Rde1 f4 23. Bf2 Bf5 24. Ne4 Qg6 25. Qe2 Rae8 26. Bh5 Qh7 27. Nxf6+ exf6 28. Bxe8 g4 29. Bh5 Qg7 30. h4 gxh3 31. Qf3 Kh7 32. Kh2 Rg8 33. gxh3 Be5 34. Rg1 Qf8 35. Rxg8 Kxg8 36. Rg1+ Kh7 37. Bg4 Bg6 38. Be6 h5 39. Rf1 Kh6 40. Be1 Kh7 41. Bd2 h4 42. Bxf4 {Nur} 1-0

[Event "64.Camp. Veneto Quarti di Finale"]
[Site "Arquà Petrarca ITA"]
[Date "2004.05.15"]
[Round "4.29"]
[White "Vastano, Ciro"]
[Black "Chiodini, Sebastiano"]
[Result "1-0"]
[WhiteElo "1700"]
[BlackElo "1440"]
[Annotator "Gabriele Ballarin"]
[PlyCount "51"]
[EventDate "2004.05.08"]
[EventType "swiss"]
[EventRounds "6"]
[EventCountry "ITA"]

1. e4 e5 2. d4 exd4 3. c3 dxc3 4. Bc4 cxb2 5. Bxb2 Qe7 6. Nc3 Nf6 7. Nf3 Nxe4 8. O-O Nxc3 9. Bxc3 Qd6 10. Re1+ Be7 11. Qc2 O-O 12. Rad1 Qc5 13. Bd3 g6 14. Re5 Qd6 15. Be4 Qf6 16. Rh5 Qe6 17. Bd5 Qg4 18. Rh3 d6 19. Rd4 Bf5 20. Qb3 Qxd4 21. Bxd4 Bxh3 22. gxh3 Nd7 23. Qb2 Nf6 24. Bxf6 Bxf6 25. Qxf6 Rae8 26. Ng5 1-0

[Event "64.Camp. Veneto Quarti di Finale"]
[Site "Arquà Petrarca ITA"]
[Date "2004.05.15"]
[Round "4.30"]
[White "Biagioli, Marco Fabrizio"]
[Black "Bozzao, Francesco"]
[Result "0-1"]
[WhiteElo "1440"]
[BlackElo "1646"]
[Annotator "Gabriele Ballarin"]
[PlyCount "88"]
[EventDate "2004.05.08"]
[EventType "swiss"]
[EventRounds "6"]
[EventCountry "ITA"]

1. d4 Nf6 2. Nf3 g6 3. Bf4 Bg7 4. e3 c5 5. c3 cxd4 6. exd4 O-O 7. Bd3 d6 8. h3 a6 9. O-O b5 10. Qd2 Re8 11. Re1 Bb7 12. Be2 Nbd7 13. Nh2 e5 14. dxe5 dxe5 15. Bg5 Ne4 16. Bxd8 Nxd2 17. Nxd2 Raxd8 18. Rad1 Nc5 19. b4 Nd3 20. Bxd3 Rxd3 21. Nb1 Red8 22. Rxd3 Rxd3 23. Rc1 Bh6 24. Re1 e4 25. Nf1 f5 26. g4 Rxh3 27. gxf5 gxf5 28. Kg2 Rd3 29. Ng3 e3+ 30. Kf1 f4 31. Nf5 Bg5 32. fxe3 fxe3 33. Ke2 Rd5 34. Nxe3 Bxe3 35. Kxe3 Re5+ 36. Kf2 Rxe1 37. Kxe1 Bd5 38. a3 Kg7 39. Kf2 Kf6 40. Ke3 Ke5 41. Nd2 h5 42. Nf3+ Bxf3 43. Kxf3 Kd5 44. Kf4 Kc4 0-1

[Event "64.Camp. Veneto Quarti di Finale"]
[Site "Arquà Petrarca ITA"]
[Date "2004.05.15"]
[Round "4.31"]
[White "Scarabello, Luca"]
[Black "Franco, Leopoldo"]
[Result "0-1"]
[WhiteElo "1440"]
[BlackElo "1700"]
[Annotator "Gabriele Ballarin"]
[PlyCount "67"]
[EventDate "2004.05.08"]
[EventType "swiss"]
[EventRounds "6"]
[EventCountry "ITA"]

1. e4 e6 2. d4 c6 3. Nf3 d5 4. e5 g6 5. Bd3 Bg7 6. O-O f5 7. exf6 Nxf6 8. Bg5 O-O 9. c4 Qb6 10. b3 Ne4 11. Be3 c5 12. dxc5 Nxc5 13. Bd4 Qc7 14. Bxg7 Qxg7 15. Na3 Nba6 16. Nc2 b6 17. Re1 Bb7 18. cxd5 Bxd5 19. Bc4 Bxf3 20. gxf3 Rad8 21. Qe2 Nc7 22. Rad1 Qf6 23. Rxd8 Rxd8 24. b4 Nd7 25. Qe4 Kg7 26. Bxe6 Nxe6 27. Qxe6 Kf8 28. Qxf6+ Nxf6 29. Ne3 Kg7 30. Rd1 Rf8 31. Ng4 Nh5 32. Rd7+ Kg8 33. Rxa7 Rxf3 34. Ne5 {Nur} 0-1

[Event "64.Camp. Veneto Quarti di Finale"]
[Site "Arquà Petrarca ITA"]
[Date "2004.05.16"]
[Round "5.1"]
[White "Ventura, Boris"]
[Black "Danieli, Enrico"]
[Result "1/2-1/2"]
[WhiteElo "2186"]
[BlackElo "2103"]
[Annotator "Gabriele Ballarin"]
[PlyCount "74"]
[EventDate "2004.05.08"]
[EventType "swiss"]
[EventRounds "6"]
[EventCountry "ITA"]

1. e4 c6 2. d4 d5 3. e5 c5 4. dxc5 Nc6 5. Bb5 e6 6. b4 Qh4 7. c3 Qe4+ 8. Ne2 Qxe5 9. Bf4 Qf6 10. O-O Bd7 11. Nd2 Qd8 12. Nf3 Nf6 13. Ned4 Be7 14. Nxc6 bxc6 15. Ba4 Ne4 16. Qd3 f6 17. Nd4 Qc8 18. f3 Ng5 19. Bxg5 fxg5 20. Rae1 O-O 21. g3 Bf6 22. f4 gxf4 23. gxf4 a5 24. Bc2 g6 25. a3 axb4 26. axb4 Ra3 27. Re3 Bxd4 28. Qxd4 Qd8 29. Re5 Qh4 30. Rg5 Ra2 31. Qf2 Qxg5+ 32. fxg5 Rxf2 33. Rxf2 e5 34. Bb3 Ra3 35. Rb2 Be6 36. Kf2 Kf8 37. Ke2 Ke7 1/2-1/2

[Event "64.Camp. Veneto Quarti di Finale"]
[Site "Arquà Petrarca ITA"]
[Date "2004.05.16"]
[Round "5.2"]
[White "Bonafede, Alessandro"]
[Black "Mileto, Gabriele"]
[Result "1/2-1/2"]
[WhiteElo "2083"]
[BlackElo "2206"]
[Annotator "Gabriele Ballarin"]
[PlyCount "66"]
[EventDate "2004.05.08"]
[EventType "swiss"]
[EventRounds "6"]
[EventCountry "ITA"]

1. e4 d6 2. d4 g6 3. Nc3 Nf6 4. Bg5 c6 5. Qd2 Bg7 6. f4 b5 7. Bd3 O-O 8. Nf3 Bg4 9. O-O Qb6 10. Ne2 c5 11. e5 dxe5 12. fxe5 Nfd7 13. Bxe7 Re8 14. Bd6 Bxf3 15. Rxf3 Nxe5 16. dxe5 c4+ 17. Kh1 cxd3 18. Qxd3 Nc6 19. Qd5 Nxe5 20. Bxe5 Bxe5 21. Rxf7 Qe6 22. Qxe6 Rxe6 23. Rf2 Bxb2 24. Rb1 Rae8 25. Rxb2 Rxe2 26. Kg1 a6 27. Rb3 Re1+ 28. Rf1 Rxf1+ 29. Kxf1 Rc8 30. c3 Kf7 31. Ke2 Ke6 32. a4 Kd5 33. Rb4 Rxc3 1/2-1/2